Derecho Romano
Shranjeno v:
| Glavni avtor: | |
|---|---|
| Format: | Knjiga |
| Jezik: | španščina |
| Izdano: |
Santiago, Chile:
Universidad Internacional SEK,
1991
|
| Izdaja: | Segunda Edición. |
| Serija: | Manuales
|
| Teme: | |
| Oznake: |
Označite
Brez oznak, prvi označite!
|
MARC
| LEADER | 00000nam a2200000 a 4500 | ||
|---|---|---|---|
| 001 | UCV2006 | ||
| 003 | CL-VaPUC | ||
| 005 | 20250326154650.0 | ||
| 008 | 910909e19910000CL |||||||||||||||||spa|d | ||
| 999 | |c 209702 |d 209700 | ||
| 040 | |c Pontificia Universidad Católica de Valparaíso | ||
| 082 | 0 | 4 | |a 340.54 SAM 1991 |2 21 |
| 100 | 1 | |a Samper Polo, Francisco |e autor |9 522975 | |
| 245 | 1 | 0 | |a Derecho Romano |
| 250 | |a Segunda Edición. | ||
| 260 | |a Santiago, Chile: |b Universidad Internacional SEK, |c 1991 | ||
| 300 | |a 316 páginas | ||
| 490 | 0 | |a Manuales | |
| 583 | |a last modification |c 19910909 00:00:00 |k Rodrigo Vera | ||
| 650 | 1 | |a Derecho romano |x Historia |9 866196 | |
| 650 | 1 | |a Derecho sucesorio (Derecho romano) |9 872235 | |
| 650 | 1 | |a Contratos (Derecho romano) |9 872236 | |
| 650 | 1 | |a Derecho romano |x Fuentes |9 869578 | |
| 942 | |c BK |2 ddc | ||
| 945 | |d 19910909 00:00:00 |a aalvarez | ||
| 952 | |0 0 |1 0 |4 0 |6 340_540000000000000_SAM_1991 |7 0 |8 A |9 185320 |a BIBHIS |b BIBHIS |d 2019-11-14 |i 2528347 |o 340.54 SAM 1991 |p 2528347 |r 2025-01-20 |w 2019-11-14 |y BK |k HIS | ||
| 952 | |0 0 |1 0 |4 0 |6 340_540000000000000_SAM_1991 |7 0 |8 A |9 185321 |a BIBDER |b BIBDER |d 2019-11-14 |i 2528355 |l 12 |m 2 |o 340.54 SAM 1991 |p 2528355 |r 2024-09-23 |s 2024-09-16 |w 2019-11-14 |y BK |k DER | ||
| 952 | |0 0 |1 0 |4 0 |6 340_540000000000000_SAM_1991 |7 0 |8 A |9 185322 |a BIBDER |b BIBDER |d 2019-11-14 |i 2528363 |l 8 |m 4 |o 340.54 SAM 1991 |p 2528363 |r 2024-07-11 |s 2024-05-31 |w 2019-11-14 |y BK |k DER | ||
| 952 | |0 0 |1 0 |4 0 |6 340_540000000000000_SAM_1991 |7 0 |8 A |9 185323 |a BIBDER |b BIBDER |d 2019-11-14 |i 2986744 |l 12 |m 5 |o 340.54 SAM 1991 |p 2986744 |r 2024-07-11 |s 2024-07-11 |w 2019-11-14 |y BK |k DER | ||